| 000 | 00904nam a22002297a 4500 | ||
|---|---|---|---|
| 005 | 20250626160606.0 | ||
| 008 | 250626b |||||||| |||| 00| 0 eng d | ||
| 020 | _a81-7380-900-3(hbk) | ||
| 037 | _cTB | ||
| 040 |
_aCRL _cCRL |
||
| 041 |
_2pun _apun |
||
| 084 |
_aO42,3x 153P5 _qCRL |
||
| 245 | _aਜਪਾਨੀ ਨਾਟਕ ਦਾ ਪੁਜਾਬੀ ਅਨੁਵਾਦ | ||
| 260 |
_aਪਟਿਆਲਾ, ਭਾਰਤ: _bਪੰਜਾਬੀ ਭਾਸ਼ਾ ਵਿਕਾਸ ਵਿਭਾਗ, _c2005. |
||
| 300 | _a62 ਪ. | ||
| 365 |
_b80.00 _cINR |
||
| 650 | _2ਜੈਪਨੀਜ਼ ਸਾਹਿਤ | ||
| 650 | _2ਜੈਪਨੀਜ਼ ਕਹਾਣੀ | ||
| 700 |
_aਬਲਰਾਜ _eਅਨੁਵਾਦਕ _9814738 |
||
| 942 |
_2CC _cTB _hO42,3x 153P5 _n0 |
||
| 999 |
_c1433024 _d1433024 |
||